Advanced strength of materials (Record no. 6074)

000 -LEADER
fixed length control field 00525nam a2200193 4500
001 - CONTROL NUMBER
control field 6074
003 - CONTROL NUMBER IDENTIFIER
control field BD-DhHUET
008 - FIXED-LENGTH DATA ELEMENTS--GENERAL INFORMATION
fixed length control field 790809s1952 nyua 001 0 eng
020 ## - INTERNATIONAL STANDARD BOOK NUMBER
International Standard Book Number 070164002
040 ## - CATALOGING SOURCE
Original cataloging agency DLC
Transcribing agency DLC
Modifying agency BD-DhHUET
082 ## - DEWEY DECIMAL CLASSIFICATION NUMBER
Classification number 620.11
Item number DEN/1952
100 1# - MAIN ENTRY--PERSONAL NAME
Personal name Den Hartog, J. P.
245 10 - TITLE STATEMENT
Title Advanced strength of materials
Statement of responsibility, etc. by Den Hartog, J. P.
250 ## - EDITION STATEMENT
Edition statement 1st ed.
260 ## - PUBLICATION, DISTRIBUTION, ETC. (IMPRINT)
Place of publication, distribution, etc. New York
Name of publisher, distributor, etc. McGraw-Hill
Date of publication, distribution, etc. 1952
300 ## - PHYSICAL DESCRIPTION
Extent ix,379 p.
Other physical details illus.
Dimensions 24 cm.
650 #0 - SUBJECT ADDED ENTRY--TOPICAL TERM
Topical term or geographic name as entry element Strength of materials: engineering
942 ## - ADDED ENTRY ELEMENTS (KOHA)
Koha item type General Book
Holdings
Source of classification or shelving scheme Koha full call number Copy number Lost status Price effective from Date acquired Damaged status Not for loan Shelving location Koha item type Koha date last seen Koha normalized classification for sorting Location (home branch) Piece designation (barcode) Sublocation or collection (holding branch) Withdrawn status
 620.11/DEN/19521 2014-11-302014-11-30  Circulation sectionGeneral Book2014-11-30620_000000000000000_11DEN1952Central Library, BUET87925Central Library, BUET 
 620.11/DEN/19522 2015-04-232015-04-23  Circulation sectionGeneral Book2015-04-23620_110000000000000_DEN_1952Central Library, BUET29906Central Library, BUET 
 620.11/DEN/19523 2015-04-232015-04-23  Circulation sectionGeneral Book2015-04-23620_110000000000000_DEN_1952Central Library, BUET29901Central Library, BUET 
 620.11/DEN/19524 2015-04-232015-04-23  Circulation sectionGeneral Book2015-04-23620_110000000000000_DEN_1952Central Library, BUET34760Central Library, BUET 
 620.11/DEN/19525 2015-04-232015-04-23  Circulation sectionGeneral Book2015-04-23620_110000000000000_DEN_1952Central Library, BUET29903Central Library, BUET 
 620.11/DEN/19526 2015-04-232015-04-23  Circulation sectionGeneral Book2015-04-23620_110000000000000_DEN_1952Central Library, BUET34761Central Library, BUET 
 620.11/DEN/19527 2015-04-232015-04-23  Circulation sectionGeneral Book2015-04-23620_110000000000000_DEN_1952Central Library, BUET29908Central Library, BUET 
 620.11/DEN/19528 2015-04-232015-04-23  Circulation sectionGeneral Book2015-04-23620_110000000000000_DEN_1952Central Library, BUET29905Central Library, BUET 
 620.11/DEN/19529 2015-04-232015-04-23  Circulation sectionGeneral Book2015-04-23620_110000000000000_DEN_1952Central Library, BUET29904Central Library, BUET 
 620.11/DEN/195210 2015-04-252015-04-25  Circulation sectionGeneral Book2015-04-25620_110000000000000_DEN_1952Central Library, BUET34762Central Library, BUET 
 620.11/DEN/195211 2015-04-252015-04-25  Circulation sectionGeneral Book2015-04-25620_110000000000000_DEN_1952Central Library, BUET29907Central Library, BUET